000 00537nam a2200181Ia 4500
005 20250423101227.0
008 250422s9999 xx 000 0 und d
020 _a9780367715458
050 _aPN 1995.9 .G67/
100 _aGordon, Rachel
245 4 _aThe documentary distribution toolkit : how to get out, get seen, and get an audience
260 _aLondon
260 _bRoutledge
260 _c2022
300 _a178 p
650 _aDocumentary films--Distribution. Documentary films--Production and direction.
942 _cBK
999 _c35676
_d35676